Do U Wanna ? - Théodora paroles - Statistiques

Statistiques générales
  • Ce quiz a été pris 107 fois
  • Le résultat moyen est 170 sur 290
Statistiques - réponses
Réponse % Correct
pas
94%
baby
91%
baby,
91%
do
89%
J’suis
89%
j’suis
89%
le
89%
mais
89%
trop
87%
sympa
86%
plus
84%
wanna
84%
wanna?
84%
dans
81%
la
81%
blé,
80%
I
80%
j’ai
80%
beurre
77%
je
77%
l’argent,
77%
sens
77%
boo
76%
fuck
76%
(fuck
76%
fuck)
76%
j’te
76%
si
76%
ta
76%
j’aime
74%
to
74%
u
74%
a
73%
flirt
71%
les
71%
dit
70%
même
69%
samba
66%
you
64%
100
63%
beaucoup
63%
“Beurk”
61%
danse
61%
tonight
61%
vu
61%
so
60%
squirt
59%
donc
57%
London
57%
l’uber
54%
Bae
53%
et
53%
fais
53%
Gyal
53%
tass
50%
tu
50%
big
49%
random
49%
rêve
49%
girl
47%
back
44%
comme
44%
bad
43%
parles
43%
qu’on
43%
Freaky
41%
Nasty
41%
ass
40%
come
40%
shake
40%
des
39%
the
39%
dors
37%
quitté
33%
sur
33%
Timberlake
33%
d’baby
31%
il
31%
my
31%
here
30%
nyash
30%
gyals,
29%
pris
29%
quoi
29%
est
26%
(han)
26%
(han
26%
han)
26%
n’fuck
26%
ouais
26%
SexyBack
26%
ur
26%
mon
24%
desigual
23%
en
23%
pink,
23%
tals
23%
brown
21%
coochie
21%
tout
21%
town
21%
digital
20%
son
20%
bootyhole
19%
soir
19%
Wagwan
19%
j’vois
17%
picky
17%
Ricky
17%
couleurs
16%
impliqué
16%
negro
16%
n’importe
14%
vers
14%
blicky
13%
caché
11%
ciel
11%
meilleur
11%
pop
11%
(eeerk)
9%
Aucun quiz correspondant
Distribution des résultats
% des personnes avec chaque résultat
Percentile par nombre de réponses
Votre historique - résultats
Vous n’avez pas pris ce quiz